L'iceberg de YouTube de Feldup - Statistiques

Statistiques générales
  • Ce quiz a été pris 39 fois
  • Le résultat moyen est 45 sur 160
Statistiques - réponses
Hint Réponse % Correct
26 adpocalypses
65%
LA SURFACE | LE CIEL | LE VIDE | +4 others a
62%
4 Hack de Me at the zoo
62%
2 Me at the zoo
62%
21 Me at the zoo description
62%
2 L'accident Janet Jackson
58%
26 Diamond Gate
54%
3 301 vues
50%
10 Better Bandai
50%
1 création de YouTube en 2005
50%
5 Elsagate
50%
17 petittube
50%
1 Ø
46%
25 Slenderverse
46%
12 wpkepkw
46%
8 Ashvlogs
42%
4 KrainagrzybowTV
42%
12 Mereana Mordegard Glesgorv
42%
1 r/DeepIntoYoutube
42%
22 AT Connect
38%
19 communauté Mario 64
38%
9 Luka Magnotta
38%
21 Magibon
38%
11 zoosadist files
38%
14 barbie.avi
35%
16 lasagna cat
35%
2 le mystère des internets
35%
9 Magibon stalker
35%
18 M cave
35%
5 Momo challenge
35%
6 Pigs take revenge and killing the man who r*ped
35%
17 Septic 5
35%
23 zeldaxlove64
35%
15 accusations contre le vieux MCYT
31%
13 Budd Dwyer
31%
4 Chris chan
31%
14 clowns tueurs
31%
12 Conspiracy pipeline
31%
24 DaddyOFive
31%
6 Dan Cilley
31%
7 Heaven's Gate testaments
31%
29 le xxx d'Etika
31%
11 lonelygirl15
31%
27 Need Backup
31%
18 OO390
31%
10 pubs étranges
31%
13 Sam Pepper
31%
11 The Human pet
31%
5 Tyler's last words
31%
7 weird 3D cartoons
31%
8 xxx (34)
31%
20 Zackrestored
31%
13 accusations Adam Rosner
27%
16 BeebleFoxx
27%
1 Big Slims
27%
15 Blood Over Intent Cult
27%
4 boots666
27%
5 Cartoon incorporated
27%
5 Casina777
27%
13 cercles inconnus
27%
6 cursed videos
27%
1 Cyriak
27%
22 dashcam xxx
27%
21 Elena Cohen
27%
15 étranges recommandations
27%
11 Justin Y et "commenteurs"
27%
24 nana825763
27%
12 NB xxx
27%
12 ォ逅 (nugumu)
27%
23 Pampo
27%
25 pxrnxgraphie
27%
22 Sunflower's revenge
27%
14 Three songs that suddenly stop but never end
27%
10 Tonetta
27%
3 tornades
27%
20 Ulillilia
27%
22 webdriver torso
27%
8 009 sound system
23%
18 communautés fétichistes
23%
16 COM-TEST
23%
23 David Sartison
23%
20 Drowning video
23%
22 Elephant man
23%
3 fétichisme de la cigarette
23%
1 FPS Russia
23%
11 Harrison Briggs
23%
9 John Lang
23%
15 les pires vidéos n'ont jamais été trouvées
23%
2 LoganRoof
23%
15 Love Has Won cult
23%
4 Lynn Ann
23%
18 Marina Joyce
23%
8 M.N.Vijayan
23%
17 monkey hate
23%
3 MOSB46PGH
23%
19 MrKatyia
23%
2 My parents having sex upstairs
23%
30 Onision
23%
19 Pamperchu
23%
4 South32
23%
27 Toyfreaks
23%
19 Turpin family
23%
14 vidéos perdues à jamais
23%
7 2020 vision
19%
3 2h32
19%
7 Andrew J Neis
19%
14 Bob8466
19%
6 boites noires
19%
19 Eugenia Cooney
19%
10 frog xxx
19%
10 full stop punctuation
19%
14 jewwario et controverse channel awesome
19%
25 Kelli Stapleton
19%
8 Logan Paul xxx forest
19%
7 Michelle's Hair and Make-up Tutorial : (part 2)
19%
17 Monalisa Perez
19%
7 nobodynobody@laposte.net
19%
15 Silvagunner
19%
2 Sketchek
19%
18 The Indigo Mystic
19%
6 vidéos subliminal et hypno
19%
5 xxx face
19%
4 youtubers accusés
19%
13 911
15%
31 Amanda Todd
15%
11 booge731 stalker
15%
21 Gunnarrunar87
15%
9 Hi Walter I got a new gf today
15%
8 Hunter Hogan
15%
16 internet checkpoint
15%
20 Jerad Miller
15%
2 Kate yup
15%
16 Marc Feren Claude Biart
15%
23 Morgellons disease
15%
9 My snowboarding skillz
15%
1 Oh In-hye's
15%
10 One potato two potato
15%
5 Persistent trip
15%
24 SevenAwesomeKids
15%
13 Shadow banning
15%
3 snake et easter eggs
15%
6 vidéos horreur classiques
15%
3 youtubers horreur et communauté creepypasta
15%
28 Algorithme
12%
8 Axxx axxx
12%
21 behindthememe xxx
12%
7 fake animal rescue
12%
24 Saint
12%
9 unlisted Illegal Videos
12%
20 birth in nature
8%
17 homunculus
8%
23 Jerusalem Wedding Hall Collapse
8%
12 playlists connues
8%
6 Echo of Truth
4%
Aucun quiz correspondant
Distribution des résultats
% des personnes avec chaque résultat
Percentile par nombre de réponses
Votre historique - résultats
Vous n’avez pas pris ce quiz